000
00270nam a2200109Ia 4500
008
220204s9999 xx 000 0 und d
082
_a
635.9
_b
MCC
100
_a
McCormick, M
245
0
_a
Annals and perennials
260
_a
London
_b
Marshall Cavendish
_c
1975
942
_c
BK
999
_c
27163
_d
27163